000 00660nam a22001937a 4500
005 20140307105216.0
010 _aENG-108996
020 _a9788180389825
_c950.00
035 _aEN-92529
037 _bDBAD/PUB
082 _a345.54
100 _aPandya, Asim
245 _aLaw of bail :
_cby Asim Pandya ; foreworded by D.H. Waghela
_bpractice and procedure : essential court volume for practitioners /
260 _aGurgaon
_bLexis Nexis
_c2013
270 _a14th floor, Building No 10, Tower-B, DLF Cyber City, Phase-ll,
_bGurgaon
_e122002
300 _axl,725p.
_c24cm(pbk)
500 _aIncludes index
942 _2ddc
_cEN
_mPAN
_h345.54
999 _c81436
_d81436